000 00480nam a2200157 i 4500
001 73886
003 ES-MaACL
005 20230906171942.0
007 t|
008 040913s1922 gw ||||1| ger d
100 1 _aGomperz, Theodor.
_958217
245 1 0 _aGriechische Denker
_b: eine geschichte der antiken philosophie /
_cvon Theodor Gomperz.
260 _aBerlĂ­n :
_b[s.n.,
_c1922] (
_eOldenburg :
_fGerhard Stalling)
300 _a499 p. ;
_c20 cm.
852 _aES-MaACL
_jA-4622
999 _c73886
_d73886